000 00380nam a2200121Ia 4500
008 220616s9999||||xx |||||||||||||| ||und||
245 0 _aHumanoid Robots
_bHuman-like Machines
546 _aEnglish[eng]
650 _aAutomatic control engineering
700 _aHackel, Matthias
856 _uhttps://mts.intechopen.com/storage/books/3372/authors_book/authors_book.pdf
942 _cEB
999 _c19685
_d19685